000 01770nam a2200397 a 4500
001 ebr10479649
003 CaPaEBR
006 m u
007 cr cn|||||||||
008 010119s2002 enk sb 001 0 eng d
010 _z 2001000156
020 _z0745315038 (hbk)
020 _z0745315976 (pbk)
020 _z9780745315034
020 _z9781849640701 (e-book)
040 _aCaPaEBR
_cCaPaEBR
035 _a(OCoLC)654850438
043 _aa-kz---
050 1 4 _aHN670.23.A8
_bN38 2002eb
082 0 4 _a306/.095845
_221
100 1 _aNazpary, Joma.
245 1 0 _aPost-soviet chaos
_h[electronic resource] :
_bviolence and dispossession in Kazakhstan /
_cJoma Nazpary.
260 _aLondon ;
_aSterling, Va. :
_bPluto Press,
_cc2002.
300 _aix, 217 p.
504 _aIncludes bibliographical references and index.
505 0 _aPeople and places -- Bardak : elements of chaos -- Networking as a response to the chaos -- Women and sexualised strategies : violence and stigma -- Construction of the alien : imagining a Soviet community -- Ethnic tensions -- Conclusions in a comparative perspective : whose transition?.
533 _aElectronic reproduction.
_bPalo Alto, Calif. :
_cebrary,
_d2013.
_nAvailable via World Wide Web.
_nAccess may be limited to ebrary affiliated libraries.
650 0 _aPost-communism
_zKazakhstan.
650 0 _aAlienation (Social psychology)
_zKazakhstan.
650 0 _aCapitalism
_zKazakhstan.
650 0 _aWomen
_zKazakhstan
_xSocial conditions.
651 0 _aKazakhstan
_xSocial conditions
_y1991-
655 7 _aElectronic books.
_2local
710 2 _aebrary, Inc.
856 4 0 _uhttp://site.ebrary.com/lib/rucke/Doc?id=10479649
_zAn electronic book accessible through the World Wide Web; click to view
999 _c117578
_d117578